[Event "81st ch-St Petersburg w"]
[Site "St Petersburg RUS"]
[Date "2013.03.19"]
[Round "9"]
[White "Skafar,Darya"]
[Black "Chuprova,Irina"]
[Result "0-1"]
[WhiteElo "1819"]
[BlackElo "1933"]

1.e4 e6 2.d4 d5 3.Nd2 Nc6 4.Ne2 Nf6 5.e5 Nd7 6.Nf3 f6 7.exf6 Nxf6 8.Nf4 Bd6
9.Bb5 O-O 10.Bxc6 bxc6 11.Nd3 Ne4 12.Be3 Qe7 13.O-O c5 14.dxc5 Nxc5 15.Nxc5 Bxc5
16.Bxc5 Qxc5 17.Qd2 Rb8 18.b3 Qd6 19.Rfe1 Rb4 20.Qc3 Rf5 21.Re5 Rbf4 22.Rxf5 Rxf5
23.Re1 c5 24.Re5 Rf6 25.h3 h6 26.b4 c4 27.a3 Bd7 28.Qe3 Qb6 29.Qxb6 axb6
30.Nd4 Kf7 31.g3 g5 32.Kf1 Ke7 33.Re3 Kd6 34.Nf3 e5 35.Nxe5 Bxh3+ 36.Ke1 d4
37.Re2 Be6 38.b5 Bd5 39.Ng4 Rf3 40.Rd2 Rxa3 41.Nxh6 c3 42.Rxd4 Kc5 43.Rd1 Bf3
44.Rc1 Kxb5 45.Nf5 Kc5 46.Ne3 b5 47.Rb1 b4 48.Kf1 Ra2 49.Ke1 Ra7 50.Rc1 Rh7
51.Nf1 Rh1 52.Ra1 Bg2 53.Ke2 Rxf1 54.Ra5+ Kb6 55.Rxg5 b3  0-1

[Event "81st ch-St Petersburg w"]
[Site "St Petersburg RUS"]
[Date "2013.03.21"]
[Round "11"]
[White "Gudkina,Zhanna"]
[Black "Chuprova,Irina"]
[Result "0-1"]
[WhiteElo "1843"]
[BlackElo "1933"]

1.e4 e6 2.d4 d5 3.Nd2 Nc6 4.Ngf3 Nf6 5.e5 Nd7 6.c3 f6 7.exf6 Qxf6 8.Bb5 e5
9.Nf1 e4 10.Ng1 Bd6 11.Qh5+ Qf7 12.Qxf7+ Kxf7 13.Nh3 h6 14.Bf4 Bxf4 15.Nxf4 Nf6
16.Ne3 Ne7 17.h4 c6 18.Ba4 Nf5 19.Bb3 Nxe3 20.fxe3 Be6 21.Nxe6 Kxe6 22.Bd1 Rac8
23.Be2 c5 24.Kd2 cxd4 25.cxd4 Rc7 26.Rac1 Rhc8 27.Rxc7 Rxc7 28.g4 Ne8 29.Rf1 Nd6
30.b3 Rf7 31.Rxf7 Nxf7 32.Kc3 Nh8 33.h5 Nf7 34.Kd2 Kf6 35.a4 Kg5 36.Kc3 Nd6
37.b4 Kh4 38.a5 Kg3 39.Kd2 Ne8 40.b5 b6 41.axb6 axb6 42.Bd1 Nf6 43.Bb3 Kxg4  0-1

[Event "29th Spring Festival"]
[Site "Budapest HUN"]
[Date "2013.03.22"]
[Round "5.3"]
[White "Hujbert,F"]
[Black "Farkas,R"]
[Result "1-0"]
[WhiteElo "2429"]
[BlackElo "2121"]

1.e4 e6 2.d4 d5 3.Nd2 Nc6 4.Ngf3 Nf6 5.e5 Nd7 6.Bd3 Nb4 7.Be2 c5 8.c3 Nc6
9.O-O cxd4 10.cxd4 f6 11.exf6 Qxf6 12.Bd3 Bd6 13.Re1 Nd8 14.Nf1 Nf7 15.Qe2 O-O
16.Qxe6 Qxe6 17.Rxe6 Nf6 18.Re1 Bd7 19.Bd2 Rfe8 20.Rxe8+ Rxe8 21.Re1 Ne4
22.Be3 a6 23.Rc1 Bb5 24.Bc2 Bb8 25.Bb3 Bc6 26.N1d2 Nxd2 27.Bxd2 Bd6 28.Re1 Rxe1+
29.Nxe1 Nd8 30.Nc2 Ne6 31.Bc3 Kf7 32.g3 g6 33.f4 Bb8 34.Kf2 Nc7 35.a4 Ke6
36.Ke2 b6 37.Nb4 Bb7 38.Nd3 Bc6 39.Ne5 Be8 40.Bc2 a5 41.b3 Na6 42.Bd3 Nb4
43.Bxb4 axb4 44.h4 Kf6 45.g4 Bc7 46.Kf3 Bd6 47.Kg3 Bc7 48.h5 Kg7 49.g5 Bxe5
50.h6+ Kf8 51.dxe5 Bd7 52.Kf3 Be6 53.Ke3 d4+ 54.Kxd4 Bxb3 55.Bb5 Bc2 56.Kc4 b3
57.Kc3 Bd1 58.Kb2  1-0

[Event "TCh-CZE Extraliga 2012-13"]
[Site "Czech Republic CZE"]
[Date "2013.03.23"]
[Round "7.8"]
[White "Malik,J"]
[Black "Suran,J"]
[Result "1/2-1/2"]
[WhiteElo "2257"]
[BlackElo "2360"]

1.e4 e6 2.d4 d5 3.Nd2 Nc6 4.Ngf3 Nf6 5.e5 Nd7 6.c3 f6 7.exf6 Qxf6 8.Nb3 Bd6
9.Bg5 Qf7 10.Bh4 O-O 11.Bd3 Qh5 12.Nbd2 e5 13.Qb3 exd4 14.cxd4 Re8+ 15.Kf1 Nxd4
16.Nxd4 Nc5 17.Qxd5+ Qxd5 18.Bc4 Be6 19.Bxd5 Bxd5 20.Bg3 Ne4 21.Nxe4 Rxe4
22.Bxd6 cxd6 23.Rd1 Bc4+ 24.Kg1 Bxa2 25.f3 Re3 26.Kf2 Rae8 27.Rd2 Bc4 28.Rc1 d5
29.b3 Bxb3 30.Rc7 Bc4 31.Rxb7 R3e7 32.Rdb2 Rxb7 33.Rxb7 Ra8 34.Nc2 a5 35.Ke3 a4
36.Na3 Bb3 37.Kd4 Re8 38.Nb5 Re2 39.Nd6 g6 40.Ra7 h5 41.h4 Re6 42.Ra8+ Kg7
43.Ra7+ Kf8 44.Nb5 Re7 45.Ra8+ Kg7 46.Nc3 Rc7 47.Nb5 Rb7 48.Nd6 Rd7 49.Nb5 Kf6
50.g4 Bd1 51.Ra6+ Kg7 52.gxh5 gxh5 53.Nd6 Bxf3 54.Nf5+ Kh7 55.Rxa4 Bg4 56.Ne3 Bf3
57.Nf5 Be4 58.Ng3 Bf3 59.Nf5  1/2-1/2

[Event "3rd HD Bank Cup 2013"]
[Site "Ho Chi Minh City VIE"]
[Date "2013.03.23"]
[Round "8.24"]
[White "Zhang Xiaowen"]
[Black "Mu Ke"]
[Result "1/2-1/2"]
[WhiteElo "2376"]
[BlackElo "2274"]

1.e4 e6 2.d4 d5 3.Nd2 Nc6 4.Ngf3 Nf6 5.e5 Nd7 6.Nb3 a5 7.a4 b6 8.Bf4 Ba6
9.Bxa6 Rxa6 10.h4 h5 11.Ng5 Ne7 12.f3 Ra7 13.Qe2 Nb8 14.Bd2 Nf5 15.Qf2 Qd7
16.g4 Nh6 17.Qg3 c5 18.Qf4 Nc6 19.c3 c4 20.Nc1 Kd8 21.Ne2 Kc8 22.Nh3 Be7
23.g5 Nf5 24.Ng3 Nxg3 25.Qxg3 g6 26.Nf4 Bd8 27.Ne2 Ne7 28.Qf4 Nf5 29.Ng3 Nxg3
30.Qxg3 b5 31.axb5 Qxb5 32.Bc1 Re8 33.Qf2 Ree7 34.Qc2 a4 35.Rh2 Ra6 36.Kd2 Rea7
37.Rh1 Be7 38.Rf1 Kd7 39.Rh1 Ke8 40.Rg1 Rb7 41.Rh1 Qc6 42.Ke3 Rb3 43.Ra2 Ra5
44.Bd2 Qb6 45.Ke2 Rab5 46.Rha1 Rxb2 47.Qxa4 Kf8 48.Qa7 Rxa2 49.Rxa2 Qxa7
50.Rxa7 Rb1 51.Ra2  1/2-1/2

[Event "TCh-BEL 2012-13"]
[Site "Buellingen BEL"]
[Date "2013.03.24"]
[Round "11.6"]
[White "Capone,N"]
[Black "Hammes,M"]
[Result "1/2-1/2"]
[WhiteElo "2126"]
[BlackElo "2368"]

1.e4 e6 2.d4 d5 3.Nd2 a6 4.e5 c5 5.c3 Nc6 6.Ngf3 Nge7 7.Bd3 cxd4 8.cxd4 Nf5
9.Bxf5 exf5 10.O-O Be7 11.Nb3 Be6 12.Bd2 b6 13.Rc1 Qd7 14.Bg5 Bf8 15.Rc3 Bb4
16.Rc2 h6 17.Bd2 Be7 18.Rc3 Rc8 19.Qe2 Qb7 20.Rfc1 Kd7 21.a3 Na7 22.Ne1 Rxc3
23.Rxc3 Rc8 24.Nc2 Nb5 25.Rxc8 Qxc8 26.Qd3 Qc4 27.Nc1 g5 28.a4 Nc7 29.b3 Qxd3
30.Nxd3 f4 31.Kf1 Bf5 32.Ke2 Ne6 33.Bc3 a5 34.Nce1 Nd8 35.g3 fxg3 36.fxg3 Nc6
37.Ke3 Ke6 38.h4 f6 39.hxg5 hxg5 40.Nf3 Bxd3 41.exf6 Kxf6 42.Kxd3 Kf5 43.Ke3 Bd6
44.Be1 Kg4 45.Bf2 Ne7 46.Ne5+ Bxe5 47.dxe5 Kf5 48.Kd3 Kxe5 49.Bxb6 Nc6 50.Bc7+ Kf5
51.Bd6  1/2-1/2

[Event "44th Marcel Duchamp"]
[Site "Buenos Aires ARG"]
[Date "2013.03.24"]
[Round "2.47"]
[White "Benedetti,A"]
[Black "Rodriguez Vila,A"]
[Result "0-1"]
[WhiteElo "1976"]
[BlackElo "2503"]

1.e4 e6 2.d4 d5 3.Nd2 Nc6 4.Ngf3 Nf6 5.e5 Nd7 6.Be2 f6 7.exf6 Qxf6 8.Nf1 Bd6
9.Ng3 O-O 10.O-O h6 11.Be3 Nb6 12.Qd2 Bd7 13.b3 Be8 14.c4 Bf4 15.Bxf4 Qxf4
16.Rad1 Rd8 17.Qxf4 Rxf4 18.c5 Nc8 19.Bb5 Nb4 20.Bxe8 Rxe8 21.Rd2 Ne7 22.Re1 Ng6
23.Rde2 Kf7 24.a3 Nc6 25.Nh5 Rxf3 26.gxf3 Nxd4 27.Re3 Nc2 28.R1e2 Nxe3 29.fxe3 Ne5
30.Kg2 a5 31.Rd2 c6 32.Nf4 a4 33.bxa4 Nc4 34.Rd3 e5 35.Ne2 e4 36.fxe4 Rxe4
37.Kf2 Kf6 38.Ng3 Rh4 39.Kg2 Ke5 40.Rb3 Na5 41.Rb4 Rc4 42.Ne2 Rxc5  0-1

[Event "LEM Schleswig-Holstein 2013"]
[Site "Neumuenster GER"]
[Date "2013.03.26"]
[Round "5.7"]
[White "Homuth,M"]
[Black "Hamann,C"]
[Result "1-0"]
[WhiteElo "2166"]
[BlackElo "2174"]

1.e4 e6 2.d4 d5 3.Nd2 Nc6 4.Ngf3 Nf6 5.e5 Nd7 6.Bb5 a5 7.O-O Na7 8.Bd3 Be7
9.c3 b6 10.Re1 c5 11.Nf1 c4 12.Bc2 b5 13.Qd2 h6 14.Ng3 g6 15.Ne2 Bb7 16.Nf4 Nf8
17.g3 Qb6 18.Qd1 Bc6 19.Be3 Kd7 20.Nd2 Qd8 21.Qe2 Nc8 22.Rad1 Nb6 23.h4 Kc7
24.Nf3 g5 25.Ng2 Nfd7 26.h5 Nb8 27.Nh2 N8d7 28.Ng4 Na4 29.Bxa4 bxa4 30.a3 Rb8
31.Bc1 Qg8 32.N2e3 f5 33.exf6 Bxf6 34.Nf1 e5 35.Nxf6  1-0

[Event "Pobeskydi Open 2013"]
[Site "Frydek-Mistek CZE"]
[Date "2013.03.28"]
[Round "1"]
[White "Kubik,M"]
[Black "Vavrinec,T"]
[Result "1-0"]
[WhiteElo "2152"]
[BlackElo "2037"]

1.e4 e6 2.d4 d5 3.Nd2 Be7 4.Ngf3 Nf6 5.Bd3 c5 6.c3 Nc6 7.O-O cxd4 8.cxd4 dxe4
9.Nxe4 O-O 10.Nc3 b6 11.a3 Bb7 12.Re1 Rc8 13.Bc2 Qd7 14.Qd3 g6 15.Bh6 Rfd8
16.Rad1 Qc7 17.h3 a6 18.Qe3 Na5 19.Ne5 Nc4 20.Nxc4 Qxc4 21.Qe5 Nh5 22.Bg5 Bxg5
23.Qxg5 Rxd4 24.Rxd4 Qxd4 25.Rd1 Qf6 26.Qe3 Nf4 27.Be4 Nd5 28.Bxd5 exd5 29.Rxd5 Rxc3
30.Qxc3 Qe7 31.Rd1 b5 32.Re1 Qd7 33.Qf6  1-0

[Event "7th Philadelphia Open"]
[Site "Philadelphia USA"]
[Date "2013.03.28"]
[Round "2"]
[White "Xiong,Jeffrey"]
[Black "Yang,Dar"]
[Result "1/2-1/2"]
[WhiteElo "2330"]
[BlackElo "2486"]

1.e4 e6 2.d4 d5 3.Nd2 Be7 4.Ngf3 Nf6 5.e5 Nfd7 6.Bd3 c5 7.c3 Nc6 8.O-O g5
9.dxc5 g4 10.Nd4 Ndxe5 11.Bb5 Bd7 12.f4 Nxd4 13.Bxd7+ Qxd7 14.cxd4 Nc6 15.Nb1 Bf6
16.Be3 Ne7 17.Nc3 Nf5 18.Qd3 Rg8 19.b4 Kf8 20.b5 Kg7 21.a4 Rgc8 22.Bf2 a6
23.Rfb1 axb5 24.Rxb5 h5 25.Rab1 Ra7 26.R5b4 Rca8 27.h3 Rg8 28.hxg4 hxg4 29.g3 Bd8
30.R4b3 Bf6 31.Kg2 Rh8 32.Qd1 Kf8 33.Rb4 Bd8 34.Ne2 f6 35.Ng1 Qh7 36.Qxg4 Qh2+
37.Kf1 Rg8 38.Qh3 Nxg3+ 39.Bxg3 Qxh3+ 40.Nxh3 Rxg3 41.Ng1 Ra3 42.Rxb7 Rxb7
43.Rxb7 Rxa4 44.Ne2 Rc4 45.f5 e5 46.Rd7 Be7 47.Rxd5 Ke8 48.dxe5  1/2-1/2

[Event "e2e4 Dublin Masters"]
[Site "Dublin IRL"]
[Date "2013.03.29"]
[Round "2"]
[White "Gormally,D"]
[Black "Redmond,J"]
[Result "1-0"]
[WhiteElo "2507"]
[BlackElo "2236"]

1.e4 e6 2.d4 d5 3.Nd2 Nc6 4.Ngf3 Nf6 5.e5 Nd7 6.Bd3 f6 7.Ng5 Ndxe5 8.dxe5 fxg5
9.Qh5+ g6 10.Bxg6+ Kd7 11.c4 Nxe5 12.Bc2 Qf6 13.O-O Bd6 14.cxd5 exd5 15.Nb3 c6
16.f4 Qf7 17.Qh3+ g4 18.Qc3 Rf8 19.Nd4 Ng6 20.Bf5+ Kd8 21.Bxc8 Kxc8 22.f5 Ne5
23.Bf4 Nc4 24.b3 Bxf4 25.Rxf4 Nd6 26.Nxc6 Qc7 27.Ne7+ Kd7 28.Qxc7+ Kxc7 29.Nxd5+ Kc6
30.Ne7+ Kd7 31.f6 Rae8 32.Nd5 Re4 33.Rff1 Ke6 34.Rad1 Kf7 35.Nc7 Rc8 36.Rc1 Re2
37.Nb5 Rxc1 38.Nxd6+ Ke6 39.Rxc1 Kxd6 40.Rf1 Re8 41.Kf2 Rf8 42.Kg3 Ke6 43.f7  1-0

[Event "6th Montalvo Open"]
[Site "Las Palmas ESP"]
[Date "2013.03.29"]
[Round "7.5"]
[White "Robin,S"]
[Black "Gutierrez Olivares,D"]
[Result "1-0"]
[WhiteElo "2254"]
[BlackElo "2367"]

1.e4 e6 2.d4 d5 3.Nd2 Nc6 4.Ngf3 Nf6 5.e5 Nd7 6.c3 Be7 7.Bd3 f6 8.Nh4 O-O
9.Qh5 f5 10.Nhf3 Qe8 11.Qh3 Qg6 12.Nf1 Nd8 13.Ne3 c5 14.Rg1 b6 15.Ke2 cxd4
16.g4 Nc5 17.gxf5 Nxd3 18.Kxd3 Ba6+ 19.Kc2 Qe8 20.Nxd4 Bc5 21.f6 Rf7 22.Ng4 Kh8
23.fxg7+ Rxg7 24.Nf6 Qf7 25.Bh6 Rg6 26.Nf3 Bxf2 27.Ng5 Qc7 28.Ngxh7 Bxg1
29.Rxg1 Rxg1 30.Nf8 Qc4 31.Bg5+  1-0

[Event "7th Philadelphia Open"]
[Site "Philadelphia USA"]
[Date "2013.03.29"]
[Round "4"]
[White "Liang,Awonder"]
[Black "Yang,Dar"]
[Result "0-1"]
[WhiteElo "2005"]
[BlackElo "2486"]

1.e4 e6 2.d4 d5 3.Nd2 Be7 4.Ngf3 Nf6 5.e5 Nfd7 6.Bd3 c5 7.c3 Nc6 8.O-O g5
9.dxc5 g4 10.Nd4 Ncxe5 11.Bb5 a6 12.Bxd7+ Bxd7 13.N2b3 h5 14.f3 Qc7 15.Bf4 O-O-O
16.Qe2 f6 17.c6 bxc6 18.Qxa6+ Qb7 19.Qe2 Bd6 20.fxg4 hxg4 21.Bg3 Rh6 22.Rae1 Rdh8
23.a4 Qa7 24.Rxf6 Rxf6 25.Bxe5 Bxe5 26.Qxe5 Rfh6 27.Qd6 Qc7 28.Qxc7+ Kxc7
29.Nc5 Rxh2 30.Kf2 Rh1 31.Re2 Re8 32.Ndxe6+ Bxe6 33.Nxe6+ Kd6 34.Nf4 Rxe2+
35.Nxe2 Ra1 36.b3 c5 37.Ke3 Rb1 38.Kf4 Rxb3 39.Kxg4 Ke5 40.a5 Ra3 41.a6 Rxa6
42.Kf3 d4 43.cxd4+ cxd4 44.Nc1 Ra3+ 45.Ke2 Ke4 46.Kd2 Rg3  0-1

[Event "Pobeskydi Open 2013"]
[Site "Frydek-Mistek CZE"]
[Date "2013.03.30"]
[Round "5"]
[White "Dobes,V"]
[Black "Farkas,Ga1"]
[Result "0-1"]
[WhiteElo "2035"]
[BlackElo "2306"]

1.e4 e6 2.d4 d5 3.Nd2 Be7 4.Bd3 c5 5.Ngf3 cxd4 6.Nxd4 Nc6 7.N2f3 Nf6 8.exd5 Nxd4
9.Nxd4 Qxd5 10.O-O O-O 11.c3 Rd8 12.Bc2 b6 13.Bb3 Qc5 14.Qe2 Nd5 15.Re1 Bf6
16.Nf3 a5 17.Bc2 Ba6 18.Qe4 g6 19.Ne5 Ra7 20.Bh6 Bg7 21.Bxg7 Kxg7 22.Ng4 Nf6
23.Nxf6 Kxf6 24.Rad1 Rad7 25.Qh4+ Qg5 26.Rxd7 Rxd7 27.Qxg5+ Kxg5 28.Rd1 Rxd1+
29.Bxd1 Kf4 30.Bf3 Bd3 31.Bc6 g5 32.g3+ Ke5 33.f3 Bc4 34.a4 Bd5 35.Be8 Bxf3
36.Bxf7 Bc6 37.b3 Bd5 38.b4 Bc6 39.b5 Bd5 40.Kf2 Bb3 41.Ke3 Bxa4 42.c4 Kd6
43.Kd4 Bc2 44.c5+ bxc5+ 45.Kc4 a4 46.b6 Kc6 47.b7 Bb3+  0-1

[Event "e2e4 Dublin Masters"]
[Site "Dublin IRL"]
[Date "2013.03.31"]
[Round "6"]
[White "Haria,R"]
[Black "Redmond,J"]
[Result "0-1"]
[WhiteElo "2076"]
[BlackElo "2236"]

1.e4 e6 2.d4 d5 3.Nd2 Nc6 4.Ngf3 Nf6 5.e5 Nd7 6.c3 f6 7.Bb5 Be7 8.exf6 Bxf6
9.Qe2 Qe7 10.Ne5 Ncxe5 11.dxe5 Bg5 12.h4 Bh6 13.Nf3 Bxc1 14.Rxc1 c6 15.Bd3 Nc5
16.Ng5 Nxd3+ 17.Qxd3 Bd7 18.Nxh7 O-O-O 19.f4 c5 20.Ng5 Rdf8 21.g3 Bc6 22.Rh2 Kb8
23.a3 Qe8 24.b4 Bb5 25.Qe3 Qg6 26.bxc5 Rc8 27.Rb2 Ba6 28.Rd1 Rc6 29.Qf2 Qf5
30.Qf3 Qf8 31.Qf2 Qf5 32.Qf3 Qf8 33.Qf2 Qe7 34.f5 Rf8 35.g4 exf5 36.e6 fxg4
37.Qg3+ Ka8 38.Rf2 Re8 39.Qxg4 Qxc5 40.Qd4 Qxa3 41.Qb4 Rexe6+ 42.Nxe6 Rxe6+
43.Kd2 Qa2+ 44.Kc1 Qxf2  0-1

[Event "40th La Roda Open"]
[Site "La Roda ESP"]
[Date "2013.03.31"]
[Round "8.17"]
[White "Khamrakulov,I"]
[Black "Santos Ruiz,Miguel"]
[Result "0-1"]
[WhiteElo "2506"]
[BlackElo "2153"]

1.e4 e6 2.d4 d5 3.Nd2 Nc6 4.Ngf3 Nf6 5.e5 Nd7 6.Be2 Be7 7.Nf1 O-O 8.Ng3 f6
9.exf6 Bxf6 10.O-O e5 11.dxe5 Ndxe5 12.Nh5 Be6 13.Nxf6+ Qxf6 14.Ng5 Bf5 15.Qxd5+ Kh8
16.c3 Qg6 17.f4 Rad8 18.Qb5 Nd3 19.Qxb7 h6 20.Nf3 Be4 21.Qxc7 Rf7 22.f5 Qxf5
23.Qg3 Qc5+ 24.Kh1 Nce5 25.Qh4 Qd5 26.Nxe5 Bxg2+ 27.Kg1 Rxf1+ 28.Bxf1 Nxe5
29.Bxg2 Nf3+ 30.Bxf3 Qxf3 31.Bf4 Qd5 32.Qf2 Qh5 33.Qg3 Re8 34.Re1 Qc5+ 35.Kf1 Qc4+  0-1

[Event "SuperNationals V"]
[Site "Nasville USA"]
[Date "2013.04.05"]
[Round "2"]
[White "Manchanda,Sameer"]
[Black "Harmon,L"]
[Result "0-1"]
[WhiteElo "1983"]
[BlackElo "2340"]

1.e4 e6 2.d4 d5 3.Nd2 Nc6 4.Ngf3 Nf6 5.e5 Nd7 6.c3 f6 7.exf6 Qxf6 8.Bd3 Bd6
9.O-O O-O 10.Qb3 Kh8 11.Re1 g5 12.Re2 g4 13.Ne1 Nb6 14.Nf1 e5 15.dxe5 Nxe5
16.Be3 c5 17.Qd1 Bd7 18.a4 Rae8 19.Bb5 Nec4 20.Bxd7 Nxd7 21.Qxd5 Nxe3  0-1

[Event "Bundesliga 2012-13"]
[Site "Schwetzingen GER"]
[Date "2013.04.05"]
[Round "13"]
[White "Navara,D"]
[Black "Firman,N"]
[Result "1-0"]
[WhiteElo "2722"]
[BlackElo "2531"]

1.e4 e6 2.d4 d5 3.Nd2 Nc6 4.Ngf3 Nf6 5.e5 Nd7 6.Bd3 Nb4 7.Be2 c5 8.c3 Nc6
9.O-O g6 10.Re1 Bg7 11.Nf1 O-O 12.Ng3 Qb6 13.b3 cxd4 14.cxd4 f6 15.exf6 Nxf6
16.Ba3 Re8 17.Bb2 a5 18.a4 Bd7 19.Ne5 Rad8 20.Bb5 Nb4 21.Nxd7 Nxd7 22.Rc1 Re7
23.h4 Rf8 24.h5 Ne5 25.h6 Bh8 26.dxe5 Qxf2+ 27.Kh2 Qf4 28.Qd4 Qxh6+ 29.Kg1 Bg7
30.Rf1 Qg5 31.Ne2 Ref7 32.Rxf7 Rxf7 33.Rc8+ Bf8 34.Bc1 Qf5 35.Ng3 Qb1 36.Be8 Re7
37.Qf4 Nd3 38.Qf1 Nxc1 39.Kh2 Qd3 40.Qxc1 Qxb3 41.Qg5 Qb4 42.Nh5  1-0

[Event "TCh-NED Meesterklasse 2012-13"]
[Site "Netherland NED"]
[Date "2013.04.06"]
[Round "8.7"]
[White "Jens,J"]
[Black "Kampman,T"]
[Result "1-0"]
[WhiteElo "2382"]
[BlackElo "2118"]

1.e4 e6 2.d4 d5 3.Nd2 Nc6 4.Ngf3 Nf6 5.e5 Nd7 6.Bb5 f6 7.exf6 Qxf6 8.Nf1 Bd6
9.Ne3 h6 10.c4 dxc4 11.Nxc4 O-O 12.O-O e5 13.Nxd6 cxd6 14.Be3 e4 15.Nd2 d5
16.Qb3 Qe6 17.Rae1 Nf6 18.f3 a6 19.Be2 exf3 20.Bxf3 Qd6 21.Bf4 Qd8 22.Be5 Ne7
23.Ne4 Nxe4 24.Bxe4 Rxf1+ 25.Rxf1 Be6 26.Qg3 g5 27.Rf6 dxe4 28.Rxe6 Nf5 29.Qb3 Nxd4
30.Re8+  1-0

[Event "Bundesliga 2012-13"]
[Site "Schwetzingen GER"]
[Date "2013.04.06"]
[Round "14"]
[White "Berelowitsch,A"]
[Black "Nikolic,Pr"]
[Result "1/2-1/2"]
[WhiteElo "2565"]
[BlackElo "2638"]

1.e4 e6 2.d4 d5 3.Nd2 a6 4.Ngf3 c5 5.c3 Nc6 6.Bd3 cxd4 7.cxd4 Nge7 8.O-O Ng6
9.e5 Be7 10.Nb3 Bd7 11.a3 Na7 12.a4 O-O 13.Be3 Nc6 14.Re1 Nb4 15.Bb1 Rc8
16.g3 a5 17.h4 b6 18.Ng5 Bxg5 19.Bxg5 f6 20.exf6 gxf6 21.Bh6 Rf7 22.Nc1 Kh8
23.Nd3 Nc6 24.Nf4 Nxf4 25.Bxf4 Qf8 26.Ra3 Qb4 27.Be3 Rg8 28.Rb3 Qd6 29.Qh5 Be8
30.Qh6 Rxg3+ 31.fxg3 Qxg3+ 32.Kf1 Qf3+ 33.Kg1 Qg3+ 34.Kf1 Qf3+ 35.Kg1 Qg3+  1/2-1/2

[Event "ch-ISR 2013"]
[Site "Acre ISR"]
[Date "2013.04.07"]
[Round "2.15"]
[White "Katzir,M"]
[Black "Shachar,E"]
[Result "0-1"]
[WhiteElo "2201"]
[BlackElo "2357"]

1.e4 e6 2.d4 d5 3.Nd2 Nc6 4.Ngf3 Nf6 5.e5 Nd7 6.Nb3 Be7 7.Bb5 Ncb8 8.O-O b6
9.Re1 a5 10.a4 O-O 11.g3 Ba6 12.Qe2 c6 13.Bd3 Bxd3 14.Qxd3 c5 15.c4 Nc6 16.cxd5 Nb4
17.Qe4 Nxd5 18.h4 Rc8 19.Bg5 h6 20.Bc1 c4 21.Nbd2 Bb4 22.Qg4 Ne7 23.Rd1 Nf5
24.Ne4 Qc7 25.Bf4 Rfd8 26.d5 Nc5 27.d6 Qb7 28.Nf6+ Kh8 29.Nd5 Nd3 30.Nxb4 axb4
31.Bc1 Qd5 32.Bf4 b3 33.Rd2 Qe4 34.Rad1 Ra8 35.Kg2 Rxa4 36.Kf1 Ra7 37.Re2 Qc6
38.Rb1 Rda8 39.Rd2 Ra1 40.Rbd1 Qc5  0-1

[Event "14th TCh-RUS w 2013"]
[Site "Loo RUS"]
[Date "2013.04.08"]
[Round "2"]
[White "Pogonina,N"]
[Black "Mammadova,G"]
[Result "1-0"]
[WhiteElo "2473"]
[BlackElo "2322"]

1.e4 e6 2.d4 d5 3.Nd2 Nc6 4.Ngf3 Nf6 5.e5 Nd7 6.Nb3 a5 7.a4 b6 8.c3 Ba6 9.Bxa6 Rxa6
10.h4 h6 11.h5 Be7 12.Rh3 Qb8 13.Rg3 Bf8 14.Qe2 Ra7 15.Kf1 Rb7 16.Kg1 b5
17.axb5 Rxb5 18.Nbd2 Ne7 19.b3 c5 20.c4 Rb7 21.dxc5 Nxc5 22.Nd4 a4 23.bxa4 Ne4
24.Nxe4 Qxe5 25.cxd5 Nxd5 26.Qc4 Rc7 27.Qb5+ Kd8 28.Nc6+ Rxc6 29.Qxc6 Qxa1
30.Nd6 Bxd6 31.Qxd6+ Kc8 32.Qc6+ Kd8 33.Rb3 Ke7 34.Qc5+ Kf6 35.Rf3+ Ke5 36.Rxf7 Rb8
37.Kh2 Rb4 38.g3 Qxa4 39.Rxg7 Qd1 40.Kg2 Qxh5 41.Bd2 Rb8 42.Bc3+ Kf5 43.g4+ Qxg4+
44.Rxg4 Kxg4 45.Be5 Rg8 46.Qd4+ Kf5+ 47.Kf3 Kg6 48.Qe4+ Kh5 49.Bg3 Rf8+ 50.Kg2 Kg5
51.Qxe6 Nf4+ 52.Bxf4+ Rxf4 53.Kg3 Rf6 54.f4+  1-0

[Event "20th TCh-RUS 2013"]
[Site "Loo RUS"]
[Date "2013.04.09"]
[Round "3"]
[White "Movsesian,S"]
[Black "Ibragimov,I"]
[Result "1/2-1/2"]
[WhiteElo "2695"]
[BlackElo "2567"]

1.e4 e6 2.d4 d5 3.Nd2 a6 4.Ngf3 c5 5.exd5 exd5 6.Be2 cxd4 7.O-O Bd6 8.Nb3 Nc6
9.Nbxd4 Nge7 10.Bg5 O-O 11.c4 dxc4 12.Nxc6 bxc6 13.Bxc4 Qc7 14.h3 h6 15.Bd2 c5
16.Ba5 Qc6 17.Re1 Bb7 18.Bd3 Nd5 19.Be4 Rfe8 20.Qd2 Bf8 21.Rac1 Qb5 22.Bd3 Rxe1+
23.Rxe1 c4 24.Nd4 Qa4 25.Bc2 Qxa2 26.Nf5 c3 27.Bxc3 Nxc3 28.Qxc3 Qd5 29.Qg3 Qd2
30.Re2 Qg5 31.Qxg5 hxg5 32.Ne7+ Bxe7 33.Rxe7 Bc6 34.Bb3 Be8 35.Bd5 Rd8 36.Bc4 Kf8
37.Ra7 Rd1+ 38.Kh2 Rd2 39.Rxa6 Rxb2 40.Ra2 Rxa2  1/2-1/2

[Event "23rd ch-SLO 2013"]
[Site "Sentjur SLO"]
[Date "2013.04.09"]
[Round "4.13"]
[White "Bratkovic,Jakob"]
[Black "Ivanovic,An"]
[Result "1/2-1/2"]
[WhiteElo "1949"]
[BlackElo "2127"]

1.e4 e6 2.d4 d5 3.Nd2 Be7 4.c3 c5 5.exd5 exd5 6.Bb5+ Bd7 7.Bxd7+ Qxd7 8.Ngf3 Qe6+
9.Qe2 Qxe2+ 10.Kxe2 Nc6 11.dxc5 Bxc5 12.Nb3 Bb6 13.Rd1 O-O-O 14.Bf4 Nge7
15.Ng5 Ng6 16.Bg3 Rd7 17.Nf3 f6 18.Rd2 h5 19.h4 a6 20.Rad1 Rhd8 21.Nbd4 Bxd4
22.Nxd4 Nxd4+ 23.Rxd4 Ne7 24.Rf4 Rd6 25.Kf1 Re6 26.Re1 Rxe1+ 27.Kxe1 Kd7
28.f3 Ke6 29.Bf2 Nc6 30.g4 Ne5 31.Ke2 g6 32.Rb4 b5 33.Rf4 Rc8 34.Bd4 a5 35.Be3 Rh8
36.Bf2 Nc6 37.b3 Ne5 38.Bg3 Rc8 39.Kd2 Nc6 40.Bf2 b4 41.c4 Ne7 42.cxd5+ Nxd5
43.Re4+ Kf7 44.Rd4 Ke6 45.Re4+ Kd6 46.Bg3+ Kd7 47.Rd4 Ke6 48.Re4+ Kf7 49.Rd4 Ke6
50.Re4+ Kd7 51.Rd4 Ke6  1/2-1/2

[Event "FSGM April 2013"]
[Site "Budapest HUN"]
[Date "2013.04.10"]
[Round "5.5"]
[White "Zhou,Y"]
[Black "Poetsch,H"]
[Result "1-0"]
[WhiteElo "2442"]
[BlackElo "2426"]

1.e4 e6 2.d4 d5 3.Nd2 Nc6 4.Ngf3 Nf6 5.e5 Nd7 6.Bd3 f6 7.exf6 Qxf6 8.Nf1 Nb4
9.Be2 c5 10.c3 Nc6 11.Ne3 Bd6 12.O-O Qg6 13.Ne5 Qf6 14.f4 O-O 15.N3g4 Qd8
16.Be3 cxd4 17.cxd4 Ne7 18.Rc1 Nb6 19.Bd3 Nf5 20.Bf2 Bd7 21.Re1 Be8 22.Bb1 a6
23.a3 Bb5 24.g3 Rc8 25.Rxc8 Qxc8 26.Ne3 g6 27.Nxf5 exf5 28.Qf3 Kg7 29.h4 h5
30.Ba2 Qc2 31.Bxd5 Qxb2 32.Be6 Rb8 33.Bxf5 gxf5 34.Qxh5 Bxe5 35.Qg5+ Kh8
36.Qh6+ Kg8 37.Qe6+ Kh7 38.Qxf5+ Kg8 39.Rxe5 Qc1+ 40.Kh2  1-0

[Event "15th Dubai Open 2013"]
[Site "Dubai UAE"]
[Date "2013.04.10"]
[Round "4.33"]
[White "Ankit,R"]
[Black "Makropoulou,M"]
[Result "1/2-1/2"]
[WhiteElo "2421"]
[BlackElo "2227"]

1.e4 e6 2.d4 d5 3.Nd2 Be7 4.c3 c5 5.dxc5 Nf6 6.exd5 Qxd5 7.Ngf3 O-O 8.b4 b6
9.Bc4 Qh5 10.cxb6 axb6 11.O-O Bb7 12.Be2 Qg6 13.Nh4 Qg5 14.Nhf3 Qg6 15.Nc4 Rd8
16.Qb3 Qe4 17.Ne3 Nc6 18.Bb2 Nh5 19.Qc4 Qxc4 20.Bxc4 Nf4 21.Rfd1 h5 22.Rxd8+ Rxd8
23.Rd1 Rxd1+ 24.Nxd1 Bf6 25.Bc1 g5 26.Bf1 e5 27.Be3 Bd8 28.h4 g4 29.Nxe5 Nh3+
30.gxh3 Nxe5 31.Bg2 Nf3+ 32.Bxf3 Bxf3 33.Nb2 gxh3 34.Kh2 Bg4 35.a4 Bc7+ 36.f4 Be6
37.Nd3 Bc4 38.Ne5 Bb3 39.Nd7 Bxa4 40.Nf6+ Kg7 41.Nd5 Bd8 42.Kxh3 Bd7+ 43.Kg3 b5
44.Bd4+ Kg6 45.Bb6 Bf6 46.Bd4 Bd8 47.Ne3 Be6 48.Be5 Bb6 49.Bd4 Bd8 50.c4 bxc4
51.b5 c3 52.b6 Bc8 53.Bxc3 Bxb6 54.Nd5  1/2-1/2

[Event "4th LUCOPEN 2013"]
[Site "Lille FRA"]
[Date "2013.04.16"]
[Round "5.52"]
[White "Karunanayake,Ma"]
[Black "Feys,Bert"]
[Result "1-0"]
[WhiteElo "1614"]
[BlackElo "2067"]

1.e4 e6 2.d4 d5 3.Nd2 Be7 4.Bd3 c5 5.dxc5 Nf6 6.Qe2 O-O 7.Ngf3 Nc6 8.c3 a5
9.a4 Bxc5 10.O-O b6 11.exd5 Qxd5 12.Ne4 Be7 13.Bg5 h6 14.Nxf6+ Bxf6 15.Bxf6 gxf6
16.Rfe1 f5 17.Qe3 Kg7  1-0

[Event "4th LUCOPEN 2013"]
[Site "Lille FRA"]
[Date "2013.04.17"]
[Round "6.4"]
[White "Janev,E"]
[Black "Pelletier,Y"]
[Result "0-1"]
[WhiteElo "2442"]
[BlackElo "2604"]

1.e4 e6 2.d4 d5 3.Nd2 Be7 4.Ngf3 Nf6 5.Bd3 c5 6.exd5 Qxd5 7.dxc5 Nbd7 8.Nb3 O-O
9.O-O Nxc5 10.Nxc5 Qxc5 11.Be3 Qc7 12.Bd4 b6 13.Qe2 Bb7 14.Rfe1 Rfd8 15.c3 Bc5
16.Bxf6 gxf6 17.Be4 Rd7 18.Bxb7 Qxb7 19.Qc4 Bf8 20.Rad1 Rad8 21.Rxd7 Qxd7
22.a4 f5 23.h3 Bg7 24.g4 fxg4 25.hxg4 Rc8 26.Qe4 Rc5 27.Kg2 h6 28.Qa8+ Rc8
29.Qe4 b5 30.axb5 Qxb5 31.Qe2 Rc4 32.Nd2 Qc6+ 33.Kh3 Rf4 34.f3 h5 35.Ne4 hxg4+
36.fxg4 e5 37.Ng3 Qh6+ 38.Kg2 Qg5 39.Kh3 Qh6+ 40.Kg2 Qh4 41.Rh1 Qxg4 42.Qxg4 Rxg4
43.Ra1 e4 44.Kh3 Rf4 45.Ra4 f5 46.Kg2 Rg4 47.Kh3  0-1

[Event "Renova FIDE GP Zug"]
[Site "Zug SUI"]
[Date "2013.04.19"]
[Round "2.1"]
[White "Kasimdzhanov,R"]
[Black "Kamsky,G"]
[Result "1-0"]
[WhiteElo "2709"]
[BlackElo "2741"]

1.e4 e6 2.d4 d5 3.Nd2 Be7 4.Bd3 c5 5.dxc5 Nf6 6.Qe2 a5 7.Ngf3 O-O 8.O-O Na6
9.e5 Nd7 10.c3 Naxc5 11.Bc2 b5 12.Nd4 Qc7 13.Re1 b4 14.Qe3 bxc3 15.bxc3 Ba6
16.Ba3 Rfe8 17.h4 Rac8 18.Rab1 h6 19.h5 f6 20.exf6 Bxf6 21.Qh3 Nf8 22.Rbc1 Bg5
23.N4f3 Bf6 24.Nd4 Bg5 25.N4f3 Bf4 26.g3 Bd6 27.Qg4 Ncd7 28.Bxd6 Qxd6 29.Qa4 e5
30.Qxa5 e4 31.Nd4 Ne5 32.Bb3 Bc4 33.Bxc4 Nxc4 34.Nxc4 Rxc4 35.Nf5 Qc6 36.Rcd1 Rc5
37.Qa7 Nd7 38.Rb1 Qe6 39.Nxg7 Kxg7 40.Rb7 Re7 41.Rxd7 Rxd7 42.Qxc5 Qf6 43.Rd1 Qg5
44.Qd4+ Kg8 45.c4 Qxh5 46.Re1 Qf7 47.cxd5 Rxd5 48.Qxe4 Rd2 49.Qe8+  1-0

[Event "XV Foment Martinenc"]
[Site "Barcelona ESP"]
[Date "2013.04.20"]
[Round "1.2"]
[White "Asis Gargatagli,H"]
[Black "Ramirez Garcia,J"]
[Result "1-0"]
[WhiteElo "2456"]
[BlackElo "2297"]

1.e4 e6 2.d4 d5 3.Nd2 a6 4.Ngf3 Nf6 5.e5 Nfd7 6.Bd3 c5 7.c3 Nc6 8.O-O g5
9.Bb1 g4 10.Ne1 h5 11.Nb3 a5 12.a4 b6 13.Nc2 Ba6 14.Re1 Bc4 15.Ne3 Bxb3 16.Qxb3 cxd4
17.Nxd5 exd5 18.Qxd5 Ne7 19.Qb5 Bh6 20.e6 fxe6 21.Qxh5+ Kf8 22.Bxh6+  1-0